| Record ID | marc_loc_2016/BooksAll.2016.part40.utf8:213950510:1180 |
| Source | Library of Congress |
| Download Link | /show-records/marc_loc_2016/BooksAll.2016.part40.utf8:213950510:1180?format=raw |
LEADER: 01180cam a2200301 i 4500
001 2013014534
003 DLC
005 20140430081116.0
008 130409s2013 nyua b 001 0beng
010 $a 2013014534
020 $a9781608199730 (hardcover)
040 $aDLC$beng$cDLC$erda$dDLC
042 $apcc
043 $an-us---
050 00 $aML420.S668$bS38 2013
082 00 $a782.42166092$aB$223
100 1 $aSchultz, William Todd.
245 10 $aTorment saint :$bthe life of Elliott Smith /$cWilliam Todd Schultz.
250 $aFirst U.S. edition.
260 $aNew York :$bBloomsbury,$c2013.
300 $a353 pages :$billustrations ;$c25 cm
336 $atext$2rdacontent
337 $aunmediated$2rdamedia
338 $avolume$2rdacarrier
504 $aIncludes bibliographical references (pages 331-339) and index.
505 0 $aThe Smith myth -- Like the man on the moon -- Center circle -- Raining violins -- Ambivalent rock god -- Yesteryear soon -- Sweet high notes -- Robot hand -- A symbol meaning infinity -- Can't make a sound -- Coda : the hero killed the clown.
600 10 $aSmith, Elliott,$d1969-2003.
650 0 $aRock musicians$zUnited States$vBiography.